Improving private sector housing in Scotland (Record no. 117810)

MARC details
000 -LEADER
fixed length control field 01072cam a2200217 4500
001 - CONTROL NUMBER
control field WB@3612-376
008 - FIXED-LENGTH DATA ELEMENTS--GENERAL INFORMATION
fixed length control field 040803n2004 000 0 eng u
035 ## - SYSTEM CONTROL NUMBER
System control number (Sirsi) u127001
245 ## - TITLE STATEMENT
Title Improving private sector housing in Scotland
260 ## - PUBLICATION, DISTRIBUTION, ETC.
Date of publication, distribution, etc. 2004
490 ## - SERIES STATEMENT
Series statement Regeneration and Renewal
Volume/sequential designation 30 July 2004 9 (1)
520 ## - SUMMARY, ETC.
Summary, etc. The consultation paper "Maintaining houses, preserving homes" has been published by the Scottish Executive. It sets out measures to improve the quality of private sector housing. Local authorities could get the power to step in against negligent owners, repairing their property and billing them for the work. Other powers include action being taken to improve entire neighbourhoods where standards have fallen below acceptable levels. View the paper at: http://www.scotland.gov.uk/consultations/housing/m hphcr-00.asp.
590 ## - LOCAL NOTE (RLIN)
Local note WB
590 ## - LOCAL NOTE (RLIN)
Local note WB
650 ## - SUBJECT ADDED ENTRY--TOPICAL TERM
Topical term or geographic name entry element PRIVATE SECTOR HOUSING
650 ## - SUBJECT ADDED ENTRY--TOPICAL TERM
Topical term or geographic name entry element REGENERATION PROGRAMMES
650 ## - SUBJECT ADDED ENTRY--TOPICAL TERM
Topical term or geographic name entry element REPAIR AND MAINTENANCE
650 ## - SUBJECT ADDED ENTRY--TOPICAL TERM
Topical term or geographic name entry element PROPERTY LAW
690 ## - LOCAL SUBJECT ADDED ENTRY--TOPICAL TERM (OCLC, RLIN)
Topical term or geographic name as entry element HOUSING
942 ## - ADDED ENTRY ELEMENTS (KOHA)
Suppress in OPAC 0
Holdings
Withdrawn status Lost status Source of classification or shelving scheme Damaged status Not for loan Home library Current library Shelving location Date acquired Total Checkouts Full call number Barcode Date last seen Copy number Price effective from Koha item type
    Dewey Decimal Classification     London London News article 03/08/2004   WB403010 127001-1001 06/08/2019 1 06/08/2019 News article